Statistics for Rugby League Positions

Click here to take the quiz!

General Stats

  • This quiz has been taken 1,278 times
  • The average score is 12 of 13

Answer Stats

HintAnswer% Correct
2Winger
99%
5Winger
99%
1Full-Back
97%
10Prop Forward
96%
7Scrum Half
95%
9Hooker
94%
8Prop Forward
94%
3Centre
92%
4Centre
92%
13Loose Forward
85%
11Second Row
85%
12Second Row
85%
6Stand Off
78%

Score Distribution

Percentile by Number Answered

Percent of People with Each Score

Your Score History

You have not taken this quiz